[Event "Reykjavik Open 2026"]
[Site "Reykjavik ISL"]
[Date "2026.03.27"]
[Round "4.150"]
[White "Van Zeebroeck, Sam"]
[Black "Zhu, Aiden"]
[Result "0-1"]
[WhiteElo "1978"]
[BlackElo "1651"]
[WhiteFideId "231924"]
[BlackFideId "2654288"]
[EventDate "2026.03.25"]

1. e4 e5 2. Nc3 Nc6 3. Bc4 Nf6 4. d3 Bc5 5. f4 d6 6. Nf3 Bg4 7. Na4 Bxf3 8. Qxf3
Nd4 9. Qd1 b5 10. Nxc5 dxc5 11. fxe5 Nd7 12. c3 bxc4 13. cxd4 cxd4 14. Qg4 Nxe5
15. Qxg7 Nxd3+ 16. Kd1 Kd7 17. Bg5 Qe8 18. Qxd4+ Kc8 19. Rf1 Rg8 20. Rf5 Rb8 21.
b3 h6 22. Bf6 Rxg2 23. Qxc4 Nf2+ 24. Kc1 Qxe4 25. Qxe4 Nxe4 26. Be7 Rxh2 27. b4
Rb6 28. b5 Rg6 29. Rf1 Rgg2 30. Bb4 f5 31. a4 f4 32. Ra3 Ng3 33. Rd1 Rc2+ 34.
Kb1 Rb2+ 35. Ka1 Rxb4 36. a5 Rxb5 37. a6 Rb6 38. Ra5 Rd6 39. Rc1 f3 40. Re5
Rxa6+ 41. Kb1 c6 42. Rec5 Ne2 43. Rxc6+ Rxc6 44. Rxc6+ Kb7 45. Rf6 f2 0-1

[Event "Reykjavik Open 2026"]
[Site "Reykjavik ISL"]
[Date "2026.03.27"]
[Round "4.151"]
[White "Gayon, Benoit"]
[Black "Manuel dos Santos, Fabio"]
[Result "1-0"]
[WhiteElo "1947"]
[BlackElo "1644"]
[WhiteFideId "632040"]
[BlackFideId "533009511"]
[EventDate "2026.03.25"]

1. e4 c5 2. Nf3 d6 3. d4 cxd4 4. Nxd4 Nf6 5. Nc3 g6 6. Be2 Bg7 7. Be3 O-O 8. h3
Nc6 9. g4 Qa5 10. Nb3 Qc7 11. Qd2 Be6 12. Bh6 Bxh6 13. Qxh6 Bxb3 14. axb3 Nd4
15. Bd1 Kh8 16. Qd2 e5 17. g5 Nh5 18. Nd5 Qd8 19. c3 Ne6 20. Bxh5 gxh5 21. h4
Nc5 22. Nf6 Nxb3 23. Qd1 Rg8 24. Qxb3 1-0

[Event "Reykjavik Open 2026"]
[Site "Reykjavik ISL"]
[Date "2026.03.27"]
[Round "4.152"]
[White "Niori, Toma"]
[Black "Braak, Richard"]
[Result "1-0"]
[WhiteElo "1639"]
[BlackElo "1955"]
[WhiteFideId "7006519"]
[BlackFideId "24626422"]
[EventDate "2026.03.25"]

1. e4 c6 2. d4 d5 3. e5 c5 4. dxc5 e6 5. Bd3 Bxc5 6. Nf3 Nc6 7. O-O f6 8. Nh4
Nxe5 9. Qh5+ Kd7 10. Bb5+ Ke7 11. Nc3 g6 12. Qe2 Kf7 13. Bf4 Nc6 14. Bxc6 bxc6
15. Bg3 Ne7 16. Rad1 h5 17. Ne4 Qb6 18. Nxf6 Ba6 19. Qf3 Nf5 20. Nxf5 exf5 21.
Nd7 Qa5 22. Ne5+ Kg8 23. Nxc6 Qxa2 24. b3 Qxc2 25. Qxd5+ Kh7 26. Qf7+ Kh6 27.
Bf4+ g5 28. Bxg5+ Kxg5 29. Qg7+ Kf4 30. Qg3+ Ke4 31. Qf3# 1-0

[Event "Reykjavik Open 2026"]
[Site "Reykjavik ISL"]
[Date "2026.03.27"]
[Round "4.153"]
[White "Steiner, Peter Markus"]
[Black "Rodsmoen, Maud"]
[Result "0-1"]
[BlackTitle "WFM"]
[WhiteElo "1634"]
[BlackElo "1950"]
[WhiteFideId "12938491"]
[BlackFideId "1510550"]
[EventDate "2026.03.25"]

1. b4 e5 2. Bb2 Bxb4 3. Bxe5 Nf6 4. c3 Be7 5. d4 d5 6. Bxf6 Bxf6 7. e3 c5 8. Nf3
Nc6 9. Nbd2 Bf5 10. Be2 O-O 11. O-O c4 12. Ne1 Re8 13. Nc2 Qa5 14. e4 Bxe4 15.
Nxe4 dxe4 16. Qd2 Rad8 17. Rfd1 Ne5 18. Ne3 Bg5 19. Qb2 Nd3 20. Qc2 Bxe3 21.
fxe3 Qg5 22. Qd2 b5 23. a4 b4 0-1

[Event "Reykjavik Open 2026"]
[Site "Reykjavik ISL"]
[Date "2026.03.27"]
[Round "4.154"]
[White "Gillmeister, Robin"]
[Black "Beatty, Samuel"]
[Result "1-0"]
[WhiteElo "1939"]
[BlackElo "1633"]
[WhiteFideId "24684414"]
[BlackFideId "1344390"]
[EventDate "2026.03.25"]

1. e4 e6 2. d4 d5 3. Nd2 dxe4 4. Nxe4 Nd7 5. Nf3 Ngf6 6. Ng3 c5 7. c3 cxd4 8.
cxd4 Bb4+ 9. Bd2 Qa5 10. Bd3 b6 11. O-O O-O 12. Qe2 Bb7 13. Be3 Rac8 14. a3 Be7
15. Bc4 Bxf3 16. gxf3 h5 17. Bb5 a6 18. Bxa6 Ra8 19. Bd3 h4 20. Ne4 Nxe4 21.
fxe4 f5 22. b4 Qa7 23. Bc4 Rf6 24. exf5 Kf8 25. Bxe6 g6 26. Bg5 Rxf5 27. Bxe7+
Kxe7 28. Bxf5+ Kf8 29. Be6 Kg7 30. d5 Qc7 31. Rfd1 Rh8 32. Rac1 Qd8 33. Bxd7
Qxd7 34. a4 Re8 35. Rc7 1-0

[Event "Reykjavik Open 2026"]
[Site "Reykjavik ISL"]
[Date "2026.03.27"]
[Round "4.155"]
[White "De Hart, Arthur"]
[Black "Damen, Josephine"]
[Result "1/2-1/2"]
[WhiteElo "1611"]
[BlackElo "1928"]
[WhiteFideId "1044192"]
[BlackFideId "1074369"]
[EventDate "2026.03.25"]

1. e4 e5 2. Nf3 Nc6 3. Bb5 a6 4. Ba4 Nf6 5. O-O Be7 6. Re1 b5 7. Bb3 O-O 8. d3
d5 9. exd5 Nxd5 10. Nxe5 Nxe5 11. Rxe5 c6 12. Bxd5 cxd5 13. Re1 Bd6 14. Nd2 Qh4
15. Nf1 Bg4 16. f3 Bd7 17. Be3 Qb4 18. Rb1 Rfe8 19. Qd2 d4 20. Qxb4 Bxb4 21. Bd2
Bxd2 22. Nxd2 Rxe1+ 23. Rxe1 Rc8 24. Rc1 Bf5 25. Nb3 f6 26. g4 Bg6 27. f4 Rd8
28. Re1 Bf7 29. Nc5 Rc8 30. b4 Rc6 31. a3 Bd5 32. Kf2 Kf7 33. Re2 Rd6 34. Kg3
Rc6 35. h4 Rd6 36. f5 Rb6 37. Kf4 Rc6 38. g5 Rb6 39. Kg4 Rc6 40. Rf2 Rd6 41. Rf4
Ba2 42. Kg3 Bb1 43. Rf2 Ba2 44. Rf4 Ke7 45. Re4+ Kf7 46. Nb7 Rd7 47. Nc5 Rd6 48.
Nb7 Rd7 49. Nc5 1/2-1/2

[Event "Reykjavik Open 2026"]
[Site "Reykjavik ISL"]
[Date "2026.03.27"]
[Round "4.156"]
[White "Sverrisson, Dagur"]
[Black "Broihier, Ian"]
[Result "0-1"]
[WhiteElo "1585"]
[BlackElo "1922"]
[WhiteFideId "2326175"]
[BlackFideId "39902773"]
[EventDate "2026.03.25"]

1. d4 d5 2. Nc3 Nf6 3. Bf4 c5 4. e3 cxd4 5. exd4 a6 6. Nf3 Nc6 7. Bd3 Bg4 8. h3
Bxf3 9. gxf3 Nxd4 10. Bxa6 Nxc2+ 11. Qxc2 Rxa6 12. O-O-O e6 13. Rhe1 Bd6 14.
Nxd5 Nxd5 15. Rxd5 Bxf4+ 16. Rd2 Bxd2+ 17. Qxd2 Rc6+ 18. Kd1 Rd6 19. Re2 O-O 20.
Ke1 Rxd2 21. Rxd2 Qa5 0-1

[Event "Reykjavik Open 2026"]
[Site "Reykjavik ISL"]
[Date "2026.03.27"]
[Round "4.157"]
[White "Carey, Michael"]
[Black "Erlendsson Weinert, Robin Peter"]
[Result "1-0"]
[WhiteElo "1929"]
[BlackElo "1442"]
[WhiteFideId "30923760"]
[BlackFideId "2330954"]
[EventDate "2026.03.25"]

1. e4 c5 2. Nf3 Nc6 3. d4 cxd4 4. Nxd4 g6 5. c4 Bg7 6. Be3 a6 7. Nc3 e6 8. Qd2
Nge7 9. O-O-O O-O 10. h4 f5 11. Nxc6 bxc6 12. Bh6 fxe4 13. Bxg7 Kxg7 14. h5 Rh8
15. Qd4+ Kf7 16. Nxe4 Nf5 17. hxg6+ Kxg6 18. Qc3 d5 19. g4 Ng7 20. Qe3 h6 21.
Bd3 Kf7 22. Qf4+ Ke8 23. Nf6+ Ke7 24. Rxh6 Rxh6 25. Qxh6 Qf8 26. Nh7 Qf7 27. Bg6
Qg8 28. Qg5+ Kd6 29. cxd5 cxd5 30. Qf4+ Ke7 31. Qb4+ Kd8 32. Nf6 1-0

[Event "Reykjavik Open 2026"]
[Site "Reykjavik ISL"]
[Date "2026.03.27"]
[Round "4.159"]
[White "Jukes, Sam"]
[Black "Gultekin, Ece"]
[Result "1-0"]
[WhiteElo "1905"]
[BlackElo "1684"]
[WhiteFideId "1803182"]
[BlackFideId "1772945"]
[EventDate "2026.03.25"]

1. e4 e5 2. Nf3 Nc6 3. Bc4 Bc5 4. c3 Nf6 5. d3 d6 6. Nbd2 h6 7. a4 a5 8. O-O g5
9. Bb5 g4 10. Ne1 Rg8 11. Nc2 Bd7 12. Nb3 g3 13. hxg3 Bb6 14. Be3 Ng4 15. Bxb6
cxb6 16. d4 Qg5 17. Be2 h5 18. Nd2 Qg6 19. Nc4 h4 20. Nxb6 hxg3 21. fxg3 Rh8 22.
Bxg4 Bxg4 23. Qd2 Ra6 24. Nd5 Kd7 25. Nf6+ Ke7 26. Ne3 Bc8 27. d5 Nb8 28. b4
axb4 29. cxb4 Qxg3 30. Rf3 Qh2+ 31. Kf2 Qh4+ 32. Ke2 Rh6 33. Ng8+ Kf8 34. Nxh6
Qxh6 35. Raf1 Qg6 36. Qc2 Bd7 37. Qc7 Rxa4 38. Qxb8+ Ke7 39. Rxf7+ Qxf7 40.
Rxf7+ Kxf7 41. Qxd6 Bb5+ 42. Kf3 Ra2 43. Qe6+ Kf8 44. Nf5 Ra3+ 45. Kg4 Be2+ 46.
Kg5 1-0

[Event "Reykjavik Open 2026"]
[Site "Reykjavik ISL"]
[Date "2026.03.27"]
[Round "4.160"]
[White "Puffaldt, Yorik"]
[Black "Turner, Jason"]
[Result "1-0"]
[WhiteElo "1877"]
[BlackElo "1684"]
[WhiteFideId "34634444"]
[BlackFideId "39939901"]
[EventDate "2026.03.25"]

1. e4 e6 2. d4 d5 3. Bd3 c5 4. exd5 Qxd5 5. Nc3 Qd7 6. Nf3 a6 7. O-O Nf6 8. Re1
cxd4 9. Nxd4 Be7 10. Nb3 b5 11. Be3 b4 12. Ne4 Nd5 13. Nec5 Nxe3 14. Qf3 Qc6 15.
Qxe3 Qb6 16. Nxe6 Qxe3 17. Nc7+ Kf8 18. Rxe3 Ra7 19. Nd5 Bd6 20. Rae1 Be6 21.
Bf5 Bxf5 22. Re8# 1-0

[Event "Reykjavik Open 2026"]
[Site "Reykjavik ISL"]
[Date "2026.03.27"]
[Round "4.161"]
[White "Bernstein, Charles B"]
[Black "Gain, Soheil"]
[Result "1-0"]
[WhiteElo "1667"]
[BlackElo "1862"]
[WhiteFideId "39970639"]
[BlackFideId "646563"]
[EventDate "2026.03.25"]

1. e4 e6 2. d4 d5 3. Nc3 Nf6 4. Bg5 dxe4 5. Nxe4 Nbd7 6. Nxf6+ Nxf6 7. Bd3 c5 8.
Nf3 cxd4 9. Nxd4 Bc5 10. Nb3 Be7 11. Qe2 Bd7 12. O-O-O Qc7 13. h4 h6 14. Bd2
O-O-O 15. Ba5 b6 16. Bc3 Kb8 17. Ba6 Qf4+ 18. Kb1 Ka8 19. Be5 Qa4 20. Bc7 Rde8
21. Rd4 Qc6 22. Rc4 Qxg2 23. Rd1 Nd5 24. Rg4 Qh3 25. c4 Nxc7 26. Qe4+ Nd5 27.
Rxd5 1-0

[Event "Reykjavik Open 2026"]
[Site "Reykjavik ISL"]
[Date "2026.03.27"]
[Round "4.162"]
[White "Seshadri, Sridhar"]
[Black "Isleifsson, Runar"]
[Result "1/2-1/2"]
[WhiteElo "1658"]
[BlackElo "1860"]
[WhiteFideId "30913942"]
[BlackFideId "2305917"]
[EventDate "2026.03.25"]

1. c4 c6 2. g3 d5 3. cxd5 cxd5 4. d4 Nc6 5. Nf3 Nf6 6. Bg2 Bf5 7. a3 e6 8. O-O
h6 9. b4 a6 10. h3 Ne4 11. Bb2 Bd6 12. Nbd2 O-O 13. Nxe4 Bxe4 14. Nd2 Bxg2 15.
Kxg2 f5 16. f4 Rc8 17. Rc1 Qb6 18. e3 a5 19. Bc3 axb4 20. axb4 Nxb4 21. Qb3 Qb5
22. Kf3 Qd3 23. Qb2 Na2 24. Qxa2 Rxc3 25. Rxc3 Qxc3 26. Nb3 Qc8 27. Rc1 Qa8 28.
Qc2 Rd8 29. Nc5 Rc8 30. Qb2 Bxc5 31. dxc5 Rc6 32. Ra1 Qc8 33. Ra7 Rxc5 34. Rxb7
Qf8 35. Qb6 d4 36. Qxe6+ Kh8 37. Qe7 Qxe7 38. Rxe7 1/2-1/2

[Event "Reykjavik Open 2026"]
[Site "Reykjavik ISL"]
[Date "2026.03.27"]
[Round "4.163"]
[White "Blokzijl, Ruben"]
[Black "Sveinsson, Gudmundur Peng"]
[Result "1/2-1/2"]
[WhiteElo "1851"]
[BlackElo "1664"]
[WhiteFideId "1091964"]
[BlackFideId "2314550"]
[EventDate "2026.03.25"]

1. e4 c5 2. Nf3 Nc6 3. d4 cxd4 4. Nxd4 Nf6 5. Nc3 d6 6. Bg5 Bg4 7. f3 Bd7 8. Qd2
Nxd4 9. Qxd4 h6 10. Bh4 g5 11. Bf2 Bg7 12. Qd2 Qa5 13. O-O-O a6 14. Kb1 Rc8 15.
g4 h5 16. gxh5 Nxh5 17. Bd4 Be6 18. Bxg7 Nxg7 19. Nd5 Qxd2 20. Rxd2 Bxd5 21.
Rxd5 Ne6 22. c4 f6 23. b4 Kf7 24. Kb2 Rh4 25. h3 Nf4 26. Rd2 Rch8 27. c5 dxc5
28. bxc5 Ke6 29. Bc4+ Ke5 30. Rd7 e6 31. Rxb7 Rc8 32. Bxa6 Rxc5 33. Rb5 Rxb5+
34. Bxb5 Rxh3 35. Rxh3 Nxh3 36. a4 Kd6 37. a5 Ng1 38. a6 Kc7 39. Bd7 e5 40. Bg4
Ne2 41. Kb3 Kb6 42. a7 Kxa7 43. Kc4 Kb6 44. Kd5 Kb5 45. Ke6 Kc5 46. Kxf6 Kd4 1/2-1/2

[Event "Reykjavik Open 2026"]
[Site "Reykjavik ISL"]
[Date "2026.03.27"]
[Round "4.164"]
[White "Cogelja, Mihovil Niko"]
[Black "Birgisson, Hilmar Freyr"]
[Result "1-0"]
[WhiteElo "1829"]
[BlackElo "1651"]
[WhiteFideId "2528304"]
[BlackFideId "2322943"]
[EventDate "2026.03.25"]

1. e4 c5 2. Nf3 Nc6 3. d4 cxd4 4. Nxd4 e5 5. Nb3 Nf6 6. Nc3 Bb4 7. Bd3 Bxc3+ 8.
bxc3 d6 9. O-O O-O 10. Bg5 Nb8 11. Qd2 Nbd7 12. f3 a5 13. a4 b6 14. Bb5 Qc7 15.
Rfd1 Ra7 16. c4 Ba6 17. Rac1 Bxb5 18. cxb5 Qc4 19. Qxd6 Qxa4 20. Bxf6 gxf6 21.
Qc6 Rd8 22. Rd3 Qb4 23. Nd2 Kg7 24. Nc4 Rb8 25. Nd6 Nc5 26. Nf5+ Kg6 27. Rd6 Ne6
28. Rcd1 Rc7 29. Qd5 Qc5+ 30. Qxc5 Rxc5 31. Rd7 Rc7 32. Rxc7 Nxc7 33. c4 Ne6 34.
Kf2 a4 35. Ra1 Ra8 36. Ne7+ Kg7 37. Nd5 Nc5 38. Nxb6 Ra5 39. Ra3 Kg6 40. Ke3 f5
41. exf5+ Kxf5 42. Kd2 e4 43. fxe4+ Kxe4 44. Kc3 Ra7 45. Kb4 Nd3+ 46. Kc3 Nc5
47. Kb4 Nd3+ 48. Rxd3 Kxd3 49. Nxa4 Kd4 50. b6 Rb7 51. Kb5 Re7 52. c5 Re1 53. b7
Rb1+ 54. Kc6 f5 55. Nb6 Rc1 56. b8=Q Rxc5+ 57. Kd6 f4 58. Qh8+ 1-0

[Event "Reykjavik Open 2026"]
[Site "Reykjavik ISL"]
[Date "2026.03.27"]
[Round "4.165"]
[White "Olszewski, Milosz Ulfur"]
[Black "Gautier, Marc"]
[Result "1-0"]
[WhiteElo "1646"]
[BlackElo "1811"]
[WhiteFideId "2330199"]
[BlackFideId "20690657"]
[EventDate "2026.03.25"]

1. d4 d5 2. c4 c6 3. Nc3 Nf6 4. Nf3 a6 5. Bf4 dxc4 6. e4 b5 7. a3 Bb7 8. Be2 e6
9. O-O Be7 10. Qc2 Nbd7 11. Rfd1 O-O 12. h3 Re8 13. b3 cxb3 14. Qxb3 Qc8 15.
Rab1 c5 16. d5 exd5 17. Nxd5 Bxd5 18. exd5 c4 19. Qc2 Bxa3 20. Nh4 g6 21. Bf3 b4
22. Nf5 b3 23. Nh6+ Kf8 24. Rxb3 cxb3 25. Qxb3 Bd6 26. Bxd6+ Kg7 27. Bf4 Qc5 28.
d6 Rab8 29. Qxf7+ Kh8 30. Be3 Rxe3 31. fxe3 Qxe3+ 32. Kh1 Qxh6 33. Qc4 Qf8 34.
Qxa6 Rb6 35. Qa3 Ne8 36. Bg4 Nef6 37. Bxd7 Nxd7 38. Qc3+ Kg8 39. Qc4+ Qf7 40.
Qc8+ Kg7 41. Qc7 h6 42. Re1 Kg8 43. Qd8+ Qf8 44. Re8 Rb1+ 45. Kh2 Qxe8 46. Qxe8+
Nf8 47. d7 1-0

[Event "Reykjavik Open 2026"]
[Site "Reykjavik ISL"]
[Date "2026.03.27"]
[Round "4.166"]
[White "Digernes, Mikael"]
[Black "Lorenz, Constantin"]
[Result "1-0"]
[WhiteElo "1805"]
[BlackElo "1637"]
[WhiteFideId "1544225"]
[BlackFideId "34672877"]
[EventDate "2026.03.25"]

1. d4 d5 2. Nc3 Nf6 3. Bf4 e6 4. e3 Bd6 5. Nf3 O-O 6. Bd3 c5 7. dxc5 Bxc5 8. O-O
Nc6 9. e4 Re8 10. e5 Nd7 11. Re1 f6 12. Na4 b6 13. a3 fxe5 14. Nxe5 Ndxe5 15.
Nxc5 bxc5 16. Bxe5 Nxe5 17. Rxe5 Qf6 18. Bxh7+ Kf8 19. Qh5 Ba6 20. Bg6 Red8 21.
Rae1 Bc8 22. f4 Ke7 23. f5 Rd6 24. fxe6 Rxe6 25. Rxe6+ Bxe6 26. Bf5 1-0

[Event "Reykjavik Open 2026"]
[Site "Reykjavik ISL"]
[Date "2026.03.27"]
[Round "4.167"]
[White "Geirsson, Kristjan"]
[Black "Dufour, Jakob"]
[Result "1-0"]
[WhiteElo "1805"]
[BlackElo "1609"]
[WhiteFideId "2313596"]
[BlackFideId "282146"]
[EventDate "2026.03.25"]

1. e4 e5 2. Nf3 Nc6 3. Bb5 f5 4. d3 fxe4 5. dxe4 Nf6 6. Nc3 Bb4 7. O-O Bxc3 8.
bxc3 d6 9. Re1 O-O 10. Bg5 Be6 11. Qd3 Qe8 12. c4 Qg6 13. Bxc6 bxc6 14. Bxf6
Rxf6 15. Re3 Raf8 16. Rb1 Bh3 17. Nh4 Qg4 18. Rxh3 Rxf2 19. Qg3 Qxe4 20. Nf3
Rxc2 21. Re1 Qxc4 22. Rh4 Qxa2 23. Rg4 Qf7 24. Ra4 Qd5 25. Kh1 a5 26. Qh3 Rc4
27. Ra3 Rcf4 28. Raa1 a4 29. Ng5 h6 30. Ne6 R4f6 31. Nxf8 Rxf8 32. Rxa4 c5 33.
Rg4 Rf6 34. Qg3 Qf7 35. h3 c6 36. Ra1 Qc7 37. Ra8+ Rf8 38. Rga4 Rxa8 39. Rxa8+
Kh7 40. Qd3+ g6 41. Qa6 Qf7 42. Ra7 Kg7 43. Rxf7+ Kxf7 44. Qxc6 Ke6 45. g4 h5
46. Kg2 1-0

[Event "Reykjavik Open 2026"]
[Site "Reykjavik ISL"]
[Date "2026.03.27"]
[Round "4.168"]
[White "Zhou, Abigail"]
[Black "Perry, Andrew Blair"]
[Result "1-0"]
[WhiteTitle "WCM"]
[WhiteElo "1771"]
[BlackElo "1604"]
[WhiteFideId "39922081"]
[BlackFideId "30958563"]
[EventDate "2026.03.25"]

1. e4 e6 2. d4 d5 3. Nc3 Nf6 4. e5 Nfd7 5. f4 c5 6. Nf3 Nc6 7. Be3 Qb6 8. Qd2
cxd4 9. Nxd4 Bc5 10. Na4 Qa5 11. Qxa5 Nxa5 12. Nxc5 Nxc5 13. b4 b6 14. bxa5 bxa5
15. Nb5 Ne4 16. Nc7+ 1-0

[Event "Reykjavik Open 2026"]
[Site "Reykjavik ISL"]
[Date "2026.03.27"]
[Round "4.169"]
[White "Mahabiersing, Caspar"]
[Black "Jamil, Emil Jacobsen"]
[Result "1-0"]
[WhiteElo "1595"]
[BlackElo "1769"]
[WhiteFideId "40119882"]
[BlackFideId "7204183"]
[EventDate "2026.03.25"]

1. e4 c5 2. c3 d5 3. exd5 Qxd5 4. d4 Nc6 5. Nf3 Bg4 6. Be2 a6 7. h3 Bh5 8. c4
Qd8 9. d5 Nb8 10. O-O Nf6 11. Nc3 Nbd7 12. Re1 Qc7 13. Nh4 Bxe2 14. Qxe2 g6 15.
Bg5 h6 16. d6 Qc6 17. Bxf6 Nxf6 18. Qe5 g5 19. Qxf6 Rg8 20. Nf5 O-O-O 21. Nxe7+
Bxe7 22. Rxe7 Rxd6 23. Qxf7 Rgd8 24. Nd5 R6d7 25. Rae1 1-0

[Event "Reykjavik Open 2026"]
[Site "Reykjavik ISL"]
[Date "2026.03.27"]
[Round "4.170"]
[White "Filippo, Gaston"]
[Black "Hausberg, Volkmar-Dirk"]
[Result "1-0"]
[WhiteElo "1760"]
[BlackElo "1583"]
[WhiteFideId "1362119"]
[BlackFideId "533023280"]
[EventDate "2026.03.25"]

1. e4 c5 2. Nf3 Nc6 3. d4 cxd4 4. Nxd4 g6 5. Nc3 Bg7 6. Be3 Nf6 7. f3 O-O 8. Qd2
d5 9. O-O-O a6 10. exd5 Nxd5 11. Nxc6 bxc6 12. Nxd5 cxd5 13. Qxd5 Be6 14. Qxd8
Rfxd8 15. Rxd8+ Rxd8 16. a3 a5 17. Bb5 h5 18. h4 f5 19. Bg5 Kf7 20. Re1 Rd4 21.
c3 Rd8 22. Bc4 Rd6 23. Rxe6 Rxe6 24. Bxe6+ Kxe6 25. Kc2 a4 26. Kd3 Bf6 27. Bxf6
exf6 28. Kc4 g5 29. Kc5 Kd7 30. Kd5 g4 31. f4 g3 32. c4 Kc7 33. Ke6 Kc6 34. Kxf6
Kc5 35. Kxf5 Kxc4 36. Ke5 Kd3 37. f5 Ke2 38. f6 Kf2 39. f7 Kxg2 40. f8=Q Kh2 41.
Qf4 Kh3 1-0

[Event "Reykjavik Open 2026"]
[Site "Reykjavik ISL"]
[Date "2026.03.27"]
[Round "4.171"]
[White "Bock, Dan"]
[Black "Proudfoot, Andy"]
[Result "1-0"]
[WhiteElo "1751"]
[BlackElo "1580"]
[WhiteFideId "39915433"]
[BlackFideId "487910"]
[EventDate "2026.03.25"]

1. e4 d5 2. exd5 Nf6 3. d4 Bg4 4. f3 Bf5 5. g4 Bg6 6. c4 e6 7. Nc3 Bb4 8. Qa4+
c6 9. Qxb4 Nxg4 10. h4 Qc7 11. d6 Na6 12. Qa3 Qb6 13. c5 Qb4 14. Bxa6 Qxd4 15.
fxg4 bxa6 16. Nf3 Qxg4 17. Kf2 Bh5 18. Ne2 Rb8 19. d7+ Ke7 20. Bf4 Rb4 21. Rhg1
Qxf3+ 22. Qxf3 Bxf3 23. Kxf3 Kxd7 24. Rxg7 Ke7 25. b3 Kf6 26. Rgg1 e5 27. Bg5+
Ke6 28. Rad1 f5 29. Rd6+ 1-0

[Event "Reykjavik Open 2026"]
[Site "Reykjavik ISL"]
[Date "2026.03.27"]
[Round "4.172"]
[White "Tivoly, Jean-Francois"]
[Black "Endo van Dooijeweert, Sebastian"]
[Result "1-0"]
[WhiteElo "1743"]
[BlackElo "1561"]
[WhiteFideId "652024032"]
[BlackFideId "7007167"]
[EventDate "2026.03.25"]

1. e4 c5 2. Nc3 d6 3. f4 g6 4. Nf3 Bg7 5. Bc4 Nc6 6. d3 Nf6 7. O-O O-O 8. Qe1
Rb8 9. f5 a6 10. fxg6 hxg6 11. Ng5 Ne5 12. Qh4 Re8 13. Bb3 c4 14. Bxc4 Nxc4 15.
dxc4 e6 16. Be3 Bd7 17. Rad1 Qe7 18. Bd4 Rbc8 19. Bxf6 Bxf6 20. Qh7+ Kf8 21.
Rxf6 Qxf6 22. Rf1 Qxf1+ 23. Kxf1 Ke7 24. b3 e5 1-0

[Event "Reykjavik Open 2026"]
[Site "Reykjavik ISL"]
[Date "2026.03.27"]
[Round "4.173"]
[White "Muhr, Andreas"]
[Black "Horie, Ryosuke"]
[Result "1/2-1/2"]
[WhiteElo "1740"]
[BlackElo "1533"]
[WhiteFideId "1619683"]
[BlackFideId "7006438"]
[EventDate "2026.03.25"]

1. c4 e6 2. e3 d5 3. Nf3 Nf6 4. a3 c5 5. d4 Be7 6. Nc3 O-O 7. dxc5 Bxc5 8. b4
Be7 9. Bb2 dxc4 10. Bxc4 Qxd1+ 11. Rxd1 Nbd7 12. Nb5 Nb6 13. Bb3 Bd7 14. Nbd4
Ba4 15. Rc1 Bxb3 16. Nxb3 Rac8 17. O-O Rxc1 18. Rxc1 Rc8 19. Rxc8+ Nxc8 20. Bd4
b6 21. Ne5 a5 22. Nc6 axb4 23. axb4 Nd5 24. b5 Bf6 1/2-1/2

[Event "Reykjavik Open 2026"]
[Site "Reykjavik ISL"]
[Date "2026.03.27"]
[Round "4.174"]
[White "Erdogan, Ata Artun"]
[Black "Sigurbjornsson, Ivar Orn"]
[Result "1/2-1/2"]
[WhiteElo "1731"]
[BlackElo "1527"]
[WhiteFideId "39932230"]
[BlackFideId "2305305"]
[EventDate "2026.03.25"]

1. d4 Nf6 2. Nf3 c5 3. c3 b6 4. Bf4 g6 5. Qb3 cxd4 6. cxd4 Bg7 7. e4 Nxe4 8. Qd5
Nc6 9. Qxe4 d5 10. Qe3 O-O 11. Be2 Nxd4 12. Nxd4 e5 13. Bxe5 Re8 14. Nc6 Qh4 15.
Qf4 Qxf4 16. Bxf4 Ba6 17. Nc3 Bxc3+ 18. bxc3 Rxe2+ 19. Kd1 Rxf2 20. Ne7+ Kf8 21.
Bd6 Rf6 22. Nxg6+ Kg7 23. Ne7 Rxd6 24. Nf5+ Kf6 25. Nxd6 Ke6 26. Nxf7 Kxf7 27.
Re1 Bd3 28. Kd2 Bc4 29. Re3 a5 30. a3 a4 31. Rae1 b5 32. Re7+ Kg6 33. g4 Rf8 34.
R1e6+ Kg5 35. Rg7+ Kf4 36. g5 Kg4 37. h3+ Kxh3 38. Rxh7+ Kg3 39. Rhe7 d4 40. Rf6
dxc3+ 41. Kxc3 Rd8 42. Re3+ Kg4 43. g6 Kg5 44. Rb6 Kf4 45. Re1 Rd3+ 46. Kb4 Rb3+
47. Kc5 Rxa3 48. Rxb5 Bxb5 49. Kxb5 Rg3 50. Kxa4 Rxg6 1/2-1/2

[Event "Reykjavik Open 2026"]
[Site "Reykjavik ISL"]
[Date "2026.03.27"]
[Round "4.175"]
[White "Von Kistowski, Fynn"]
[Black "Sankrithi, Sarang Athreya"]
[Result "1-0"]
[WhiteElo "1727"]
[BlackElo "1491"]
[WhiteFideId "1353888"]
[BlackFideId "39939090"]
[EventDate "2026.03.25"]

1. e4 c6 2. d4 d5 3. f3 dxe4 4. fxe4 e5 5. Nf3 Bg4 6. Bc4 Nd7 7. O-O Ngf6 8. Bg5
Be7 9. Qe1 Qb6 10. Nbd2 O-O 11. Kh1 h6 12. dxe5 hxg5 13. exf6 Bxf6 14. e5 Rae8
15. Qg3 Bxf3 16. exf6 Bh5 17. fxg7 Kxg7 18. Qxg5+ Bg6 19. h4 Re5 20. Qg3 Re7 21.
Nf3 Qxb2 22. Bd3 Nf6 23. Rab1 Qxa2 24. Ne5 Nh5 25. Qg5 Qe6 26. Nxg6 fxg6 27.
Rxf8 Kxf8 28. Bxg6 Ng7 29. Rf1+ Kg8 30. Qh6 1-0

[Event "Reykjavik Open 2026"]
[Site "Reykjavik ISL"]
[Date "2026.03.27"]
[Round "4.186"]
[White "Blomkvist, Kenneth"]
[Black "Berg, Kurt Magnus"]
[Result "0-1"]
[WhiteElo "1685"]
[BlackElo "1966"]
[WhiteFideId "1772759"]
[BlackFideId "1507389"]
[EventDate "2026.03.25"]

1. e4 c5 2. Nf3 Nc6 3. d4 cxd4 4. Nxd4 Nf6 5. Nc3 e5 6. Ndb5 d6 7. Bg5 a6 8. Na3
b5 9. Nd5 Be7 10. Bxf6 Bxf6 11. Be2 O-O 12. O-O Bg5 13. c4 b4 14. Nc2 Rb8 15. b3
a5 16. Nce3 Be6 17. Bg4 Qd7 18. Bxe6 fxe6 19. Qg4 Bh6 20. Nc2 Rb7 21. Nde3 Rf4
22. Qh3 Rxe4 23. Ng4 Bg5 24. Rad1 Rf4 25. Nge3 Bd8 26. Rd2 Bb6 27. Ne1 Nd4 28.
N3c2 Rb8 29. Nxd4 Bxd4 30. Nd3 Rf5 31. Rfd1 Rbf8 32. Re2 Qf7 33. Rf1 d5 34. cxd5
exd5 35. Qg3 e4 36. Ne1 Qf6 37. Nc2 Be5 38. Qh3 g6 39. g3 Rf3 40. Ne3 Qc6 41.
Rd1 d4 42. Rc2 Qe8 43. Nc4 d3 44. Rcd2 Bc3 45. Nxa5 Bxd2 46. Rxd2 e3 47. fxe3
Qxe3+ 0-1